Kategorie alkoholi - Statystyki

Ogólne statystyki
  • Ten quiz został rozwiązany 22 razy
  • Średni wynik to 10 z 178
Statystyki odpowiedzi
x Odpowiedź % Poprawnych
x Żubrówka
79%
x Jack Daniel's
57%
x Absolut
43%
x Finlandia
43%
x Wyborowa
43%
x Chopin
36%
x Johnnie Walker
36%
x Ballantines
29%
x Belvedere
29%
x Grey Goose
29%
x Martini
29%
x Smirnoff
29%
x Stock
29%
x Absynt
21%
x Bacardi
21%
x Beefeater
21%
x Capitan Morgan
21%
x Havana Club
21%
x Jim Beam
21%
x Angostura
14%
x Bombay Sapphire
14%
x Bushmill’s
14%
x Chivas Regal
14%
x Glenmorangie
14%
x Gordon’s
14%
x Hennessy
14%
x Jagermeister
14%
x Ostoya
14%
x Talisker
14%
x Balvenie
7%
x Blanton’s
7%
x Botucal
7%
x Cynar
7%
x Dictador
7%
x Don Julio
7%
x Ford’s
7%
x Glendronach
7%
x Glenlivet
7%
x Grants
7%
x Hendriks
7%
x Jameson
7%
x J & B
7%
x Ketel One
7%
x Lagavulin
7%
x Luksusowa
7%
x Mare Portofino
7%
x Martel
7%
x Metaxa
7%
x Midleton
7%
x Mount Gay
7%
x Nemiroff
7%
x Patron
7%
x Pink Pepper
7%
x Potocki
7%
x Redbreast
7%
x Royal Salute
7%
x Sierra
7%
x Skyy
7%
x Tanqueray
7%
x The Macallan
7%
x Torres
7%
x 51
0%
x 7 Seagrams
0%
x Aberfeldy
0%
x Advocaat
0%
x Amaretto Di Saronno
0%
x Amaro
0%
x Anisette
0%
x Archer’s
0%
x Ardbeg
0%
x Auchentoshan
0%
x Aultmore
0%
x Baileys
0%
x Becherowka
0%
x Benedictine
0%
x Benini
0%
x Benriach
0%
x Boulard
0%
x Bowmore
0%
x Busnel
0%
x Campari
0%
x Camus
0%
x Canadian Club
0%
x Canadian Special Old
0%
x Canario
0%
x Caol Ila
0%
x Caram’bola
0%
x Cardenal Mendoza
0%
x Carolans
0%
x Castarede
0%
x Chambord
0%
x Chartreuse
0%
x Chateau de Trensieres
0%
x Chateau du Breuil
0%
x Chateau du Busca
0%
x Cinzano
0%
x Cles des Ducs
0%
x Cointreau
0%
x Connemara
0%
x Courvoisier
0%
x Craigellachie
0%
x Crown Royal
0%
x Cucielo
0%
x Dewar’s
0%
x Galliano
0%
x Drambuie
0%
x El Jimador
0%
x Famous Grouse
0%
x Fernet-Branca
0%
x Four Roses
0%
x Frangelico
0%
x George Dickel
0%
x Glayva
0%
x Glenfiddich
0%
x Glenglassauch
0%
x Glenkinchie
0%
x Grand Marnier
0%
x Gusano Rojo
0%
x Hankey Bannister
0%
x Hardy
0%
x Herradura
0%
x Highland Park
0%
x Jose Cuervo
0%
x Jumping Goat
0%
x Kahlua
0%
x Knob Creek
0%
x Lajita
0%
x Laphroaig
0%
x Lazzaroni
0%
x Lepanto
0%
x Lillet
0%
x Maison A.E. Dor
0%
x Maker’s Mark
0%
x Malibu
0%
x Martini Bitter
0%
x Midori
0%
x Noilly Prat
0%
x Oban
0%
x Old Pulteney
0%
x Olmeca
0%
x Otard
0%
x Ouzo
0%
x Paddy
0%
x Pampelle
0%
x Passoa
0%
x Passport
0%
x Peach Tree
0%
x Pekoe
0%
x Pernod
0%
x Pims
0%
x Pisang Ambon
0%
x Pitu
0%
x Punt e Mes
0%
x Remy Martin
0%
x Reynal
0%
x Ricard
0%
x Rigas Balsam
0%
x Royal Brackla
0%
x Sambuca
0%
x Sauza
0%
x Scapa
0%
x Se Busca
0%
x Sheridan’s
0%
x Southern Comfort
0%
x St-Germain
0%
x Strathisla
0%
x Tariquet
0%
x Teacher’s
0%
x The Dimple
0%
x Tia Maria
0%
x Tullamore Dew
0%
x Underberg
0%
x Unicum
0%
x V.O. Seagrams
0%
x Wild Turkey
0%
x Woodford
0%
x Ypioca
0%
Nie znaleziono quizów pasujących do podanych kryteriów
Rozkład punktacji
Procent ludzi z każdym wynikiem
Percentyl według liczby udzielonych odpowiedzi
Twoja historia wyników
Nie rozwiązałeś tego quizu